000 00668nam a2200205 a 4500
001 4128
005 20140414131936.0
008 090209s19uu xx 00 eng d
020 _a0-7368-0937-6
050 _aREF 942
_bB64 2003
100 _aBoraas, Tracey
245 _aEngland /
_cby Tracey, Boraas.
260 _aMankato, Minnesota :
_bCapstone Press,
_cc2003.
300 _a64 p. : col., ill. cm.
440 _aCountries and Cultures
500 _aIncludes bibliographical references and index.
520 _aAn introduction to the geography, history, economy, culture, and people of England.
650 _aEngland
_xJuvenile literature.
999 _c112454
_d112454